[Event "Mechanics' Peter Grey TNM; G/2 d5"]
[Site "San Francisco"]
[Date "2017.08.08"]
[Round "1.1"]
[White "Winslow, Elliott C"]
[Black "Ricard, Bruce"]
[Result "1-0"]
[WhiteElo "2321"]
[BlackElo "1593"]
[Annotator "Winslow"]
[PlyCount "71"]
[EventDate "2017.??.??"]

1. d4 d5 2. c4 c6 3. Nf3 Nf6 4. Nc3 e6 5. Bg5 dxc4 (5... h6 6. Bh4 (6. Bxf6
Qxf6) 6... dxc4 7. e4 g5 8. Bg3 b5 {is the cutting edge. Which I don't know.})
6. e4 b5 7. e5 h6 8. Bh4 g5 9. exf6 {Gambit Addiction.} (9. Nxg5 hxg5 10. Bxg5)
9... gxh4 10. Ne5 Qc7 $6 (10... Bb7 $2 11. Nxf7 $1 {is "the point."} Qxf6 12.
Nxh8 Qxh8 13. Qh5+ Kd8 14. O-O-O $146 (14. a4 $1) (14. Qxh4+ Kc7 (14... Be7 15.
Qe4 {4-0}) 15. Be2 Nd7 16. O-O {5-1} Nf6 17. Bf3 Be7 18. Rfe1 {
1-0 (18) Krumpacnik,D (2410)-Podkriznik,G (2375) Ptuj 2007}) 14... Nd7 15. g3 (
15. Qxh4+) 15... b4 16. Ne4 c5 $6 17. dxc5 (17. Bxc4 $1 Bxe4 18. Qxh4+ Nf6 19.
dxc5+ Kc7 20. Rhe1) 17... Bxe4 $2 18. Qxh4+ {
1-0 Winslow,E (2306)-Khristoforov,S (1936) San Francisco 2015}) (10... Qxf6 {
is far and away the move played.} 11. g3 ({also} 11. Be2) ({or} 11. a4) 11...
Nd7 12. Qe2) (10... Rg8 $5) 11. Qh5 {
The preferred move of computers everywhere,} ({but results have favored} 11.
Be2 Bb4 (11... Bd6 12. f4 Nd7 13. Bh5 Rf8 14. Ne4 Nb6 15. O-O Bb7 16. Qg4 O-O-O
17. Bxf7 Rxf7 18. Qxe6+ Rfd7 19. f7 Bf8 20. f5 Kb8 21. Nxd7+ Qxd7 22. Rad1 h3
23. Rfe1 Nd5 24. Nc5 Qc7 25. Qg6 Ne7 26. Qg3 Bc8 27. Qxc7+ Kxc7 28. g4 Rd5 29.
Ne6+ Bxe6 30. fxe6 Rg5 31. Re4 h5 32. Kf2 Rxg4 33. Rxg4 hxg4 34. Kg3 Kd6 35.
Re1 Nf5+ 36. Kxg4 Nxd4 37. Kxh3 Nxe6 38. Kg4 Bg7 39. Kf5 Nf8 40. Re2 c3 41.
bxc3 Bxc3 42. h4 Bg7 43. Kg5 Be5 44. h5 Ke6 45. Kh6 c5 46. Rxe5+ Kxe5 47. Kg7
c4 48. Kxf8 c3 49. h6 c2 50. h7 c1=Q 51. h8=Q+ Ke6 52. Kg8 {
1-0 (52) Richter,M (2240) -Grund,H Berlin 1993}) 12. Bh5 Rf8 13. Qg4 c5 (13...
Kd8 14. Qg7 Ba6 15. a3 Bxc3+ 16. bxc3 Nd7 17. Bxf7 Qd6 18. Ng6 Kc7 19. Nxf8
Rxf8 20. O-O Bb7 21. Rfe1 {1-0 (21) Cole,R (2250)-Jensen,J (2205) Aarhus 1997})
14. Nxf7 cxd4 15. Ne5+ Kd8 16. Qxd4+ Nd7 17. O-O-O a6 18. Bf3 Bc5 19. Qf4 Bd6
20. Rxd6 {1-0 (20) Benitez Rodriguez,C (2133)-Arango,A (2123) Medellin 2010})
11... Bd6 {I have no idea if anything is good for Black at this point.} (11...
Rg8 12. g3 Rg5 13. Qxh4 Rxe5+ 14. dxe5 Qxe5+ 15. Qe4 Qxf6 16. Bg2 Bb4 17. O-O
Bxc3 18. bxc3 Bb7 19. a4 Qxc3 20. axb5 a6 21. Qf4 e5 22. Qxh6 {
1-0 (22) Teske,H (2515)-Reitz,R (2163) Bad Woerishofen 2009}) (11... Bb4 12.
Be2 Bb7 13. O-O Bxc3 14. bxc3 h3 15. Bg4 hxg2 16. Rfe1 Bc8 17. Rad1 a6 18. d5
cxd5 19. Rxd5 Rh7 20. Bxe6 Bxe6 21. Nxf7 Nd7 22. Rxe6+ Kf8 23. Ng5 Nb6 24. Re7
Rxe7 25. fxe7+ Qxe7 26. Qxh6+ Kg8 27. Qg6+ Qg7 28. Qe6+ Kh8 29. Nf7+ {
1-0 (29) Schindler,L-Zirngibl,A Zwickau 1955}) (11... Bb7 {
was the one light in Black's results so far:} 12. Be2 Rg8 13. Bf3 $2 (13. Qxh4
$18 {SF8}) 13... Rg5 14. Qxh4 Nd7 15. Nxd7 Qxd7 16. O-O-O $6 (16. O-O $14)
16... O-O-O 17. Rhe1 Qc7 18. Kb1 Qa5 19. Ne4 Rgd5 20. Nc3 Rg5 21. Re5 Rxe5 22.
dxe5 Rxd1+ 23. Nxd1 b4 24. Qxc4 Qxe5 25. Bxc6 Kb8 26. Bxb7 Kxb7 27. Ne3 Bd6 28.
Qc2 Bc7 29. g3 Qxf6 30. Qe4+ Kc8 31. f4 Qe7 32. Nc4 Qd7 33. Kc2 Qa4+ 34. Kc1
Qxa2 35. Qc6 Kd8 36. Qc5 Qa1+ 37. Kc2 Qa4+ 38. Kd2 {
0-1 (38) Gueneau,C (2180)-Mailfert,J (2140) France 1996}) 12. Be2 {
Stockfish's favorite move after some thought (pat on back).} Bxe5 13. dxe5 Nd7
14. f4 $6 ({*Much* better is} 14. Rd1 Nc5 (14... Qxe5 $4 15. Rxd7 {
-- so that's why 12.Be2 was so hot..} Qxf6 16. Ne4 Qg6 17. Qxg6 fxg6 18. Nf6+
Kf8 19. Rc7) (14... Nxe5 $2 15. Ne4 $18 Bb7 16. Nd6+ Kf8 17. Qxe5) 15. O-O b4
16. Nb1 Ba6 17. Rd6 Rd8 18. Rfd1 Rxd6 19. Rxd6) 14... Nc5 {I'm not happy} 15.
Qf3 {Squirming commenced.} ({But} 15. a3 $1 {
is not at all a bad idea after all.}) 15... Bb7 16. Rd1 $15 (16. O-O-O $5 $14)
16... Rg8 (16... Qb6 $5) 17. Ne4 Nxe4 (17... Qa5+ $5 18. Kf1 (18. Kf2)) 18.
Qxe4 Rg6 $2 (18... Qa5+) 19. Bf3 $6 ({Is} 19. Bh5 $1 {
really winning? Stockfish is going nuts (+5)...} c5 20. Qb1 $3 (20. Bxg6 $2 {
was all I looked at} Bxe4 21. Bxe4 Rd8 $19) (20. Qc2 Qa5+ 21. Kf1 Bxg2+ 22. Kf2
Bxh1 23. Bxg6 {is almost as crushing}) 20... Rxg2 21. Qh7 Bd5 (21... Kf8 22.
Kf1 $3 (22. Rd6 {is also already leading to mate})) 22. Rxd5 exd5 23. Qh8+ Kd7
24. Qxa8) 19... Rb8 {(which I was expecting, but totally ignored by Stockfish)}
20. O-O $2 {Well of course, if you still don't see} (20. Bh5 $3 c5 21. Qb1 Rg8
(21... Qa5+ 22. Ke2 Rxg2+ 23. Ke3 {Qh7 is going to be nasty.}) 22. Qh7 Rf8 23.
O-O {+6}) 20... h3 $6 ({But everything goes bad eventually:} 20... c5 21. Qe3
Bxf3 22. Qxf3 Qb7 23. Qf2 b4 24. Rc1 h3 25. g3 c3 26. bxc3 h5 27. cxb4 cxb4 28.
Qe2 h4 29. g4 Qg2+ 30. Qxg2 hxg2 31. Kxg2 Rxg4+ 32. Kf3) 21. g3 c5 22. Qe2 (22.
Qe3) 22... Rd8 $6 (22... Bxf3 23. Qxf3 Qb7 24. Qf2 Kf8 (24... h5 25. Rd2 h4 26.
Rfd1 Rg8 27. Rd7) 25. Qxc5+ Kg8 26. Rf2 a6 27. Qe7 Qe4 28. Qa7 Rb7 29. Qxa6)
23. Rxd8+ Kxd8 24. Rd1+ Kc8 25. f5 $18 exf5 (25... Rg8 26. fxe6 fxe6 27. Rd6 {
is clearer than I thought at the time -- White just never has a real problem
on the long diagonal.} Qh7 (27... Re8 28. Bg4) 28. Bg4 Kb8 29. Bxe6 Rf8 30. Qd1
) (25... Rg5 26. fxe6 fxe6 27. Rd6 Rf5 28. Be4 $1 ({
less good but still good enough is} 28. Bg4) 28... Rxf6 (28... Qh7 29. Qd2 $1
Bxe4 30. Rd8+ Kb7 31. Rd7+) 29. Bxb7+ Kxb7 30. Qe4+ Kb8 31. Rc6 Rf5 32. Rxc7
Kxc7 33. Qe3 Kc6 34. Qxh6 Rxe5 35. Qxh3) 26. Bxb7+ (26. e6 $4 Rxg3+ $1 27. hxg3
Qxg3+ 28. Kf1 Bxf3 29. Qf2 h2 (29... Bg2+ 30. Ke2 Qg4+ $11) 30. Qxg3 h1=Q+ 31.
Kf2 Qxd1 32. Qxf3 Qd2+ $11) 26... Qxb7 (26... Kxb7 27. e6 Qc6 28. exf7 Rxf6 29.
Qe7+ Ka6 30. Rd2 {Same exasperating (for Black) mate squelch.}) 27. e6 Rg8 (
27... Qc6 28. exf7 Rxf6 29. Qe8+ Kc7 {and now simply} 30. Rd2) 28. e7 $2 {
Well, it wins, but it is very second-best! -- to} (28. Rd7 {which mops up} Qe4
(28... Qc6 29. exf7) 29. Qxe4 fxe4 30. Rxa7 Kb8 31. exf7 Rf8 32. Re7) 28...
Qg2+ 29. Qxg2 hxg2 30. Rd5 a6 31. a4 (31. Rxf5) (31. Kxg2) (31. Rxc5+) 31...
bxa4 (31... Kc7 32. Kxg2 {
Black just can't do anything with that looming pawn on e7.}) 32. Rxc5+ Kd7 33.
Rxc4 Rb8 34. Rxa4 Rxb2 $6 35. Rd4+ Ke8 36. Rd8# 1-0

[Event "Mechanics' Winter TNM; G/2"]
[Site "San Francisco"]
[Date "2017.01.03"]
[Round "1.1"]
[White "Winslow, Elliott C"]
[Black "Sherwood, Peter"]
[Result "1-0"]
[WhiteElo "2312"]
[BlackElo "1703"]
[Annotator "Donaldson"]
[PlyCount "97"]
[EventDate "2017.??.??"]

1. d4 d5 2. c4 c6 3. Nf3 Nf6 4. e3 Nbd7 5. b3 e6 6. Nbd2 Be7 7. Bd3 O-O 8. O-O
Re8 9. Bb2 b6 10. Ne5 Nxe5 11. dxe5 Nd7 12. Qc2 h6 13. f4 Nc5 14. Be2 Rf8 15.
b4 Na6 (15... Nd7) 16. a3 Nc7 $6 (16... c5) 17. cxd5 cxd5 18. Rac1 Ba6 19. Bxa6
Nxa6 20. Qd3 Nc7 21. Rc6 Qd7 22. Rfc1 Rac8 23. Qc2 {Diagram [#]} (23. Nb3)
23... Bc5 $1 24. Rxc7 (24. Rxc5 bxc5 25. Qxc5) 24... Bxe3+ $2 {Tempting, as
Black wins a pawn, but White's rook will be much active than its counterpart.}
(24... Rxc7 25. bxc5 Rxc5 26. Qd1 Rxc1 {
and Black quickly grabs control of the c-file.}) 25. Kf1 Rxc7 26. Qxc7 Qxc7 27.
Rxc7 Bxd2 28. g3 Be3 29. Ke2 Bg1 (29... d4 30. Kd3 Rd8 (30... Bg1)) 30. Rc1
Bxh2 31. Kf3 Rd8 32. Bd4 Rd7 33. Kg2 Bxg3 34. Kxg3 g6 35. b5 Kf8 36. Kf3 Kg7
37. a4 Rb7 38. Rc8 Kh7 39. Kg4 Kg7 40. Bf2 f5+ 41. exf6+ Kxf6 42. Bd4+ Ke7 43.
Rg8 Rc7 44. Be5 Rc1 45. Rg7+ Kf8 46. Rxa7 Rg1+ 47. Kf3 h5 48. a5 bxa5 49. b6
1-0

[Event "Mechanics' Peter Grey TNM; G/2 d5"]
[Site "San Francisco"]
[Date "2017.09.26"]
[Round "8.1"]
[White "Winslow, Elliott C"]
[Black "Tracy, Joseph"]
[Result "1-0"]
[WhiteElo "2321"]
[BlackElo "2106"]
[Annotator "Winslow,Elliott"]
[PlyCount "71"]
[EventDate "2017.??.??"]

1. d4 Nf6 2. c4 e6 3. Nf3 d5 (3... b6 4. Nc3 (4. a3 Bb7 (4... c5 $5) (4... Ba6
$5)) (4. g3 Ba6 (4... Bb7 5. Bg2 Be7 (5... Bb4+) 6. O-O (6. Nc3 Ne4 7. Bd2 Bf6
8. O-O O-O) 6... O-O 7. Nc3 (7. d5 exd5 8. Nh4 c6 9. cxd5 Nxd5 (9... cxd5))
7... Ne4 8. Bd2 (8. Qc2) 8... Bf6 9. Rc1 c5 10. d5 exd5 11. cxd5 Nxd2 12. Nxd2
d6 13. Nde4 Be7 (13... Be5 $1 {Anand}) 14. f4 $1 Nd7 (14... Bc8 $1 {
Anand has been tried here} 15. Nf2 a6 16. g4 b5 17. g5 Nd7 {
At least the knight is not on e4}) 15. g4 a6 16. a4 Re8 (16... Nf6 17. Nf2 h6
18. h4 g5 19. hxg5 hxg5 20. e3 $16) 17. g5 Bf8 18. Kh1 $1 $16 b5 $5 (18... g6
19. Bh3 $16) (18... Rb8 19. b3 $16) 19. axb5 axb5 20. Nxb5 Qb6 (20... Nb6 21.
Nbc3 Nc4 22. Qd3 Ba6 (22... Nxb2 $2 23. Qb5 $18) 23. Qg3 {/\ 24.f5, g6}) 21.
Nbc3 (21. Na3 Ba6 $1 $132) 21... Qb4 (21... Ba6 22. Rf3 {/\ Rh3, Qe1-h4}) 22.
Qd3 Nb6 23. Qg3 $1 Kh8 (23... Nxd5 24. Nxd5 Bxd5 25. Nf6+ gxf6 26. gxf6+ Kh8
27. Bxd5 $18) 24. Rcd1 Nc4 (24... Na4 25. Rb1 $5) (24... Bc8 25. f5 Re5 26. g6
Bxf5 27. Ng5 $1) 25. b3 $1 (25. f5 Ne5 $1) 25... Nb6 26. g6 $1 (26. f5 Ra3 27.
g6 f6 $1) 26... fxg6 (26... hxg6 27. Qh4+ Kg8 28. Ng5 $18) (26... f6 27. gxh7 {
/\ Nf6}) 27. f5 gxf5 28. Rxf5 Nd7 29. Rdf1 (29. Nxd6 Bxd6 30. Qxd6 Qxc3 (30...
Nf8 31. Qg3 Ng6 32. e4 $16) 31. Qxd7 Ba6 32. Rdf1 Rg8 33. d6 Bxe2 $13) 29...
Ne5 30. R5f4 (30. Ng5 Qg4 31. Rxe5 $6 Qxg3 32. Rxe8 Qxg2+ $1 33. Kxg2 Rxe8 $13)
30... Qb6 (30... Ng6 31. Rg4 Bc8 32. Rxg6 hxg6 33. Qxg6 {/\ Ng5+-}) 31. Ng5 Ng6
(31... Be7 32. Nf7+ Nxf7 33. Rxf7 Bf8 34. Be4 Kg8 35. Bxh7+ Kxh7 36. Rg1 $18)
32. Nf7+ Kg8 33. Qxg6 $1 {
1-0 (33) Karpov,A (2725)-Salov,V (2660) Linares 1993 CBM 034 [Ftacnik,L]} (33.
Qxg6 $1 hxg6 34. Rh4))) 4... Bb4 (4... Bb7 5. a3) 5. Bg5 (5. e3)) (3... Bb4+)
4. Nc3 Be7 (4... c6) (4... Nbd7) (4... c5 5. Bg5 (5. cxd5 Nxd5 6. e4 Nxc3 7.
bxc3 {
continues to show up at the 2800 level, thanks to Kramnik (5 times in 2016!).})
5... Be7 6. e3 Ne4) 5. Bg5 (5. Bf4 O-O 6. e3 (6. a3) (6. Qc2) 6... c5 (6...
Nbd7) (6... b6 {all played by Carlsen among others)}) 7. dxc5 Bxc5 8. Qc2 (8.
a3) (8. cxd5 Nxd5 9. Nxd5 exd5 10. a3 (10. Bd3 Bb4+ 11. Ke2 (11. Nd2 $5 Nc6 12.
O-O Qf6 13. a3 Bxd2 14. Qxd2 Bf5 15. Bxf5 Qxf5 16. Rac1 Rad8 17. b4 h6 18. Rfd1
Rd7 19. Rc5 Rfd8 20. h3 a6 21. b5 axb5 22. Rxb5 Qe6 23. Qd3 d4 24. e4 Ra8 25.
Bc1 Ra5 26. Rb6 Re5 27. f3 f5 28. exf5 Rxf5 29. Bd2 Re5 30. Rbb1 Qf7 31. f4 Re8
32. Re1 Rde7 33. Rxe7 Rxe7 34. Kf1 g6 35. Rb5 Kh7 36. Kg1 Kg7 37. h4 Qe6 38. h5
Qg4 39. Qxg6+ Qxg6 40. hxg6 Re2 41. f5 Rxd2 42. Rxb7+ Kf8 43. f6 Rd1+ 44. Kf2
Rd2+ 45. Kg3 Rd3+ 46. Kh4 Rc3 47. Rh7 Ke8 48. f7+ {
1-0 (48) Kortschnoj, V (2569)-Skembris,S (2442) Bad Woerishofen 2004})))) 5...
Ne4 $5 {What Joe played against me last time! I thought it was a one-off and
didn't study it up.} (5... O-O 6. e3 h6 (6... Nbd7 7. Rc1 c6 8. Bd3 dxc4 9.
Bxc4 Nd5 10. Bxe7 Qxe7 11. O-O Nxc3 12. Rxc3) 7. Bh4 ({He avoids} 7. Bxf6 {
which I've played without knowing what random Soviet warrior it's named after.}
Bxf6 8. Rc1 (8. Qd2) (8. Qc2) (8. cxd5) (8. Qb3) (8. Bd3 $6)) 7... Ne4 {
is the Lasker Defense "proper". Luft could be useful...} (7... b6) 8. Bxe7 (8.
Bg3 $5) 8... Qxe7 9. Rc1 c6 10. Bd3 Nxc3 (10... f5) 11. Rxc3 Nd7 (11... dxc4
12. Bxc4 (12. Rxc4 $5) 12... Nd7 (12... b6) 13. O-O {
This is the same position as the old Orthodox Defense but with ...h6 in!} e5 (
13... b6 14. Bd3 c5) 14. Bb3 (14. dxe5 Nxe5 15. Nxe5 Qxe5 16. f4 Qe4))) (5...
h6 6. Bxf6 Bxf6) (5... Nbd7) 6. Bxe7 Qxe7 (6... Nxc3 7. Bxd8 Nxd1 8. Bxc7 Nxb2
9. cxd5 exd5 10. Rb1 {gives White a bit with his bishops}) 7. e3 (7. Qc2 Nxc3 (
7... c5) (7... c6) 8. Qxc3 O-O (8... Nc6) 9. e3 (9. g3 $5)) (7. Qb3 {Solomon: "
I already had to think long here and I found this way to continue the struggle.
"} c6 8. Nxe4 dxe4 9. Nd2 e5 10. d5 ({tempting was} 10. Qg3 f5 11. Qxe5 Qxe5
12. dxe5 Nd7 13. f4 exf3 14. Nxf3 O-O 15. g3 Re8 16. O-O-O Nxe5 17. Nxe5 Rxe5
18. Rd8+ Kf7 {but black has a better structure.}) 10... f5 11. g4 $1 {
A very important move to keep white pices active.} Nd7 12. gxf5 Nf6 {
he began to play quickly from this point.} (12... Nc5 13. Qe3 Bxf5 14. Bg2 {
and white is comfortable}) 13. dxc6 (13. Bh3 $1 {
is much better with clear advantage}) 13... bxc6 14. Bh3 O-O 15. Rg1 a5 16.
O-O-O {Already here i was approaching serious time trouble.} Ba6 $16 {
1-0 (16) Solomon,K (2380)-Adly, A (2591) Windhoek 2014 CBM 164 Extra [Solomon,
K]}) (7. Rc1) (7. cxd5 Nxc3 8. bxc3 exd5 9. e3 (9. Qb3 c6 10. e3 O-O)) 7... O-O
{is now a relatively normal Lasker w/o ...h6.} (7... c5 $5 {1-0 (40) Winslow,E
(2291)-Tracy,J (2088) Mechanics' Summer TNM, San Francisco 2017.06.20 [Winslow,
E]}) (7... Nxc3 8. bxc3 c6 9. Qb3 O-O 10. cxd5 exd5) (7... c6 {
1-0 (70) Bacrot,E (2613)-Serper,G (2574) Cap d'Agde 2000 CBM 080 [Tsesarsky]})
(7... Qb4 8. Qc2 Nxc3 9. a3 Qe7 10. Qxc3) 8. Rc1 (8. cxd5 Nxc3 9. bxc3 exd5 10.
Qb3 Rd8 11. c4 (11. Bd3) 11... dxc4 (11... Be6) (11... Nc6) (11... c5 $5)) 8...
c6 (8... Nxc3) 9. Bd3 (9. Qc2) 9... Nxc3 (9... f5 $5 10. O-O (10. Ne5) 10...
Nd7) 10. Rxc3 Nd7 (10... dxc4 11. Bxc4 (11. Rxc4) 11... Nd7 12. O-O {
is the transposition to 1500+ games from the Orthodox!}) 11. Qc2 (11. O-O dxc4
{etc}) 11... h6 (11... dxc4 12. Rxc4 h6 13. Ne5 (13. O-O e5 14. dxe5 Nxe5 15.
Nxe5 Qxe5 16. Re4 Qa5 17. b4 Qa3 18. Rd4 Be6 19. Bc4 {
1/2-1/2 (19) Kavalek,L (2540)-Speelman,J (2490) Thessaloniki 1984}) 13... Nxe5
14. dxe5 b6 15. O-O c5 16. Rc3 Bb7 17. b4 Rac8 18. Rc1 Rc7 19. bxc5 Rfc8 20.
Qa4 bxc5 21. h4 Qd7 22. Qxd7 Rxd7 23. f3 c4 24. Bf1 Ba6 25. R3c2 Rc5 26. f4 Ra5
27. Kf2 Ra3 28. h5 Bb7 29. Bxc4 Be4 30. Rb2 Rc7 31. Rb8+ Kh7 32. Rd1 Bd5 33.
Bxd5 exd5 34. Rxd5 Rxa2+ 35. Kf3 g6 36. Rdd8 gxh5 37. Rh8+ Kg6 38. Rbg8+ {
1-0 (38) Rubinstein,A-Spielmann,R Triberg 1921}) ({Relevant:} 11... g6 12. O-O
dxc4 13. Bxc4 e5 14. d5 Nb6 15. dxc6 bxc6 16. Rc1 Bb7 17. Bb3 Kg7 18. e4 Rfd8
19. h4 f6 20. a4 Qb4 21. h5 g5 22. h6+ Kxh6 23. a5 Qxa5 24. Nh2 Qb5 25. Ng4+
Kg7 26. Ne3 Kh8 27. Nf5 Rac8 28. Nh6 Kg7 29. Nf5+ Kh8 30. Rd1 Qb4 31. Rxd8+
Rxd8 32. Qe2 Bc8 33. Nh6 Rf8 34. Qh5 Kg7 35. Nf7 Nd5 36. Qh6+ Kxf7 37. Qxh7+
Ke8 38. Bxd5 Bd7 39. Bxc6 Qd6 40. Bd5 Kd8 41. Rd3 {
Holm,K (2398)-Glud,J (2531) Helsingor 2015 0-1 (76)}) 12. cxd5 $5 (12. O-O dxc4
13. Bxc4 e5 (13... b6) 14. Bb3 (14. Qe4)) 12... exd5 {
Now there are over a dozen games where it's *Black's* move...} 13. O-O Nf6 14.
Rb1 Ne4 $146 (14... a5 15. b3 Ne4 16. Bxe4 Qxe4 17. Qxe4 dxe4 18. Nd2 Re8 19.
a3 Be6 20. Nc4 Ra6 21. Nd6 Re7 22. b4 Ba2 23. Rbc1 axb4 24. axb4 Bd5 25. Rc5 b6
26. b5 Ra8 27. R5c2 Re6 28. bxc6 Rxd6 29. c7 Rc8 {
0-1 (31) Holzapfel,D (2290)-Runau,R (2335) Germany 1990}) 15. Bxe4 dxe4 (15...
Qxe4 $142 16. Qxe4 dxe4 17. Nd2 Be6) 16. Nd2 (16. Ne5) 16... f5 17. b4 Be6 18.
a4 (18. g3) 18... Rad8 19. a5 $5 {
Overly inspired by that incredible Korchnoi game...} (19. b5 $5) (19. g3) 19...
a6 20. Rc5 Bd5 21. Re1 f4 22. exf4 Rxf4 23. Nf1 Qf6 (23... e3 $1 24. Nxe3 Rxd4)
24. Rd1 $11 Rf8 25. Rd2 e3 $5 26. Nxe3 Rxd4 27. Nxd5 cxd5 28. Rxd5 $4 (28. g3
Rxb4 29. Rcxd5) 28... Rxb4 $4 (28... Qe6 29. Qd1 Re4 $19) 29. g3 Kh8 30. h4
Qa1+ 31. Rd1 Qb2 $6 (31... Qf6 32. Qe2 Rb2 33. R1d2 Rxd2 34. Qxd2 $11) 32. Qc5
Rg8 $4 (32... Rf6) 33. Rd8 $18 Rb5 34. Qc4 Rxd8 35. Rxd8+ Kh7 36. Qe4+ 1-0